|
|
|
|
| LEADER |
01322nam a2200349 a 4500 |
| 001 |
2698 |
| 003 |
BD-DhAAL |
| 005 |
20200424222642.0 |
| 008 |
150316s1993 enka 001 0 eng d |
| 999 |
|
|
|c 34053
|d 34053
|
| 010 |
|
|
|a gb 93039351
|
| 015 |
|
|
|a GB93-39351
|
| 020 |
|
|
|a 0130124109 (pbk) :
|
| 040 |
|
|
|a UKM
|c UKM
|d EQF
|d BD-DhAAL
|
| 082 |
0 |
4 |
|a 658.3
|2 21
|
| 100 |
1 |
|
|a Hersey, Paul.
|9 9687
|
| 245 |
1 |
0 |
|a Management of organizational behavior :
|b utilizing human resources /
|c Paul Hersey, Kenneth H. Blanchard.
|
| 250 |
|
|
|a Sixth edition
|
| 260 |
|
|
|a London :
|b Prentice-Hall,
|c c1993.
|
| 300 |
|
|
|a xxii, 536 pages :
|b illustrations ;
|c 23 cm.
|
| 500 |
|
|
|a Previous edition: 1988.
|
| 500 |
|
|
|a Includes index.
|
| 504 |
|
|
|a Includes bibliographical references (pages 493-517).
|
| 541 |
|
|
|e 2698
|
| 650 |
|
|
|a Organizational behavior.
|9 40129
|
| 650 |
|
|
|a Management.
|9 40130
|
| 650 |
|
|
|a Leadership.
|9 40131
|
| 700 |
1 |
|
|a Blanchard, Kenneth H.
|9 5582
|
| 852 |
|
|
|a Ayesha Abed Library
|c General Stacks
|
| 942 |
|
|
|2 ddc
|c BK
|
| 952 |
|
|
|0 0
|1 0
|2 ddc
|4 0
|6 658_300000000000000_HER
|7 0
|9 53144
|a SCL
|b SCL
|c GEN
|d 2015-03-16
|l 0
|o 658.3 HER
|p 3020002698
|r 2015-03-16
|t 1
|w 2015-03-16
|y BK
|
| 952 |
|
|
|0 0
|1 0
|2 ddc
|4 0
|6 658_300000000000000_HER
|7 0
|9 54216
|a SCL
|b SCL
|c GEN
|d 2015-06-10
|l 0
|o 658.3 HER
|p 3020002340
|r 2015-06-10
|t 2
|w 2015-06-10
|y BK
|